| 000 | 00618nam a22002177a 4500 | ||
|---|---|---|---|
| 005 | 20260515114928.0 | ||
| 008 | 220921b ||||| |||| 00| 0 eng d | ||
| 020 | _a9789382976943 | ||
| 040 |
_aIN-DiNC _cIN-DiNC |
||
| 041 | _deng | ||
| 082 |
_a301 _bDAS |
||
| 100 |
_aDasgupta, Piyali _eauthor |
||
| 245 |
_aIntroduction to sociology/ _cby Piyali Dasgupta and Dipankar Sarmah |
||
| 250 | _a1st ed. | ||
| 260 |
_aGolaghat: _bSaraswati prakashan, _c2019 |
||
| 300 | _a156p. | ||
| 650 | _aNature and scope of sociology | ||
| 650 | _aSociological concepts | ||
| 700 |
_aSarmah, Dipankar _eauthor |
||
| 942 |
_2ddc _cBK |
||
| 999 |
_c11367 _d11367 |
||